Facts about Finland

Na minha lista:
Detalhes bibliográficos
Formato: Livro
Idioma:Undetermined
Publicado em: Finland Otava Publishing Company Limited Helsinki 1989
Assuntos:
Tags: Adicionar Tag
Sem tags, seja o primeiro a adicionar uma tag!
Thư viện lưu trữ: Trung tâm Học liệu Trường Đại học Cần Thơ
LEADER 00426nam a2200157Ia 4500
001 CTU_83937
008 210402s9999 xx 000 0 und d
082 |a 914.89721 
082 |b F142 
245 0 |a Facts about Finland 
260 |a Finland 
260 |b Otava Publishing Company Limited Helsinki 
260 |c 1989 
650 |a Finland 
904 |i Mai Loan, QHieu 
980 |a Trung tâm Học liệu Trường Đại học Cần Thơ